|
|
|
|
| LEADER |
03173nem a22004932a 4500 |
| 001 |
mzk03001053674 |
| 003 |
CZ BrMZK |
| 005 |
20110210083213.0 |
| 007 |
aj|aa||| |
| 008 |
070824s1670 gw ij|||||a|||r|0|||gerod |
| 034 |
1 |
|
|a a
|b 2100000
|d E0000800
|e E0202800
|f N0544000
|g N0444900
|
| 040 |
|
|
|a BOA001
|b cze
|
| 041 |
0 |
|
|a ger
|a lat
|
| 043 |
|
|
|a e-gx---
|a ec-----
|
| 072 |
|
7 |
|a 912:904
|x Staré mapy
|2 Konspekt
|9 7
|
| 080 |
|
|
|a (084.3)
|2 MRF
|
| 080 |
|
|
|a (4-191.2)
|2 MRF
|
| 080 |
|
|
|a (430)
|2 MRF
|
| 080 |
|
|
|a 912.43:069.5
|2 MRF
|
| 100 |
1 |
|
|a Sanson, Guillaume,
|d 1633-1703
|7 mzk2008434291
|4 aut
|
| 245 |
1 |
4 |
|a Das Heyl. Römische Reich Teutscher Nation
|h [kartografický dokument] :
|b Worinnen begriffen desselben Chur- und Fürstenthümber, auch länder sampt einen Theil von desselben angräntzenden Königreichen und Provinzien = Das Heilige Römische Reich Teutscher Nation, samt denen theils angränzenden theils darinn begriffnen Ländern als da sind: das Haus Oesterreich, die Geistlichen Chürfürstethümer Mainz, Trier und Cölln; und die Weltlichen: Bayern, Heydelberg, Sachsen, Brandenbürg; ingleichen Schwaben Franckenland, Hessen, Westphalen, Ober und Nieder Sachsen, Schweiz, die Vereinigte Provinzen &c. &c. /
|c Verlegt von Johann Hoffmann in Nürnberg ; Vorgestellet durch Sr. Sanson ihrer Königl. Majestät in Franckreich Geographum Mit Römischer Kayserl. und Chur-fürstl. Sächsische Freyheit ; Sigmund Gabriel Hipschman
|
| 255 |
|
|
|a Měřítko [ca 1:2 100 000]. 8 cm = 90 Mill. Pas Geometriques ou Mil. d'Italie Tausend Geometrische Schritt = 23 Lieues Communes d'Allemagne = 18 Grandes Lieues d'Allemagne = 38 Lieues Communes de France = 30 Grandes Lieues de France ou Lieues Communes d'Pologne = 23 Grandes Lieues de Pologne = 15 Lieues de Hongrie = 30 Lieues d'vne heure de Chemin
|c (000°08´00" v.d.--020°28´00" v.d./054°40´00" s.š.--044°49´00" s.š.)
|
| 260 |
|
|
|a Nürnberg :
|b Verlegt von Johann Hoffmann,
|c [1670]
|
| 300 |
|
|
|a 1 mapa :
|b mědirytina ;
|c 52,5 x 86 cm na listu 61,5 x 91 cm, složeno na 50,5 x 46,5 cm
|
| 500 |
|
|
|a Výzdoba: V levém horním rohu ozdobná nápisová kartuše, v levém dolním rohu dekorativní deska s měřítky a legendou, směrová ružice, v mapovém rámci geografické souřadnice
|
| 510 |
3 |
|
|a IKAR
|
| 510 |
4 |
|
|a Kuchař, K. Mapová sbírka B.P. Molla,
|c s. 352
|
| 546 |
|
|
|a Text měřítek a legendy latinsky a německy
|
| 655 |
|
7 |
|a historické mapy
|7 fd186723
|2 czenas
|
| 650 |
0 |
4 |
|a Mollova mapová sbírka
|
| 650 |
0 |
7 |
|a mapové sbírky
|z Česko
|7 ph182407
|2 czenas
|
| 610 |
2 |
7 |
|a Moravská zemská knihovna (Brno, Česko).
|b Mapová sbírka B.P. Molla
|7 mzk2005304487
|2 czenas
|
| 651 |
|
7 |
|a Svatá říše římská
|7 ge131010
|2 czenas
|
| 651 |
|
7 |
|a Evropa střední
|7 ge137882
|2 czenas
|
| 700 |
1 |
|
|a Hipschmann, Sigmund Gabriel,
|d 1639-
|7 ola2010578987
|4 egr
|
| 700 |
1 |
|
|a Hoffmann, Johannes,
|d 1629-1698
|4 aut
|
| 856 |
4 |
1 |
|u http://mapy.mzk.cz/mzk03/001/053/674/2619317017
|y Digitalizovaný dokument
|
| 903 |
|
|
|a RP
|
| 910 |
|
|
|a BOA001
|b Moll-0003.643
|
| 978 |
|
|
|b Hofmann, Johann
|a Nürnberg
|c 1670
|
| 984 |
|
|
|a Norimberk
|b Německo
|
| 985 |
|
|
|a 1651-1700
|
| 990 |
|
|
|a MP
|
| 991 |
|
|
|k mzk
|